Govt. of
Madhya Pradesh

Elements of Ancient Indian Temple Culture (Record no. 63674)

MARC details
000 -LEADER
fixed length control field 00265nam a22001097a 4500
082 ## - DEWEY DECIMAL CLASSIFICATION NUMBER
Classification number 910
100 ## - MAIN ENTRY--AUTHOR NAME
Personal name Trivedi, Sumit
245 ## - TITLE STATEMENT
Title Elements of Ancient Indian Temple Culture
260 ## - PUBLICATION, DISTRIBUTION, ETC. (IMPRINT)
Place of publication Delhi
Name of publisher Tejasvi Pub
Year of publication 2018
650 ## - SUBJECT ADDED ENTRY--TOPICAL TERM
Topical Term Temple
942 ## - ADDED ENTRY ELEMENTS (KOHA)
Koha item type Books
Holdings
Withdrawn status Lost status Damaged status Not for loan Home library Current library Date acquired Cost, normal purchase price Full call number Accession Number Price effective from Koha item type
        MACL MACL 16/10/2020 850.00 910 CRE037289 16/10/2020 Books